Understanding Attitudes and Predicting Social Behavior
Gespeichert in:
| 1. Verfasser: | |
|---|---|
| Format: | Text |
| Veröffentlicht: |
sn.t :
|
| Tags: |
Tag hinzufügen
Keine Tags, Fügen Sie den ersten Tag hinzu!
|
MARC
| LEADER | 00000 a a2200000 04500 | ||
|---|---|---|---|
| 001 | 16786 | ||
| 003 | |||
| 040 | |||
| 090 | |a 029400 | ||
| 100 | |a Ajzen, Icek | ||
| 245 | |a Understanding Attitudes and Predicting Social Behavior | ||
| 260 | |a sn.t : | ||
| 300 | |a 277 p | ||
| 999 | |c 6453 |d 6453 | ||
